Engineering Drawing / (Record no. 34010)
[ view plain ]
| 000 -LEADER | |
|---|---|
| fixed length control field | 00392nam a22001697a 4500 |
| 003 - CONTROL NUMBER IDENTIFIER | |
| control field | NUST |
| 020 ## - INTERNATIONAL STANDARD BOOK NUMBER | |
| International Standard Book Number | 9789350143155 |
| 038 ## - RECORD CONTENT LICENSOR | |
| Staff Name | Khadija |
| 082 ## - DEWEY DECIMAL CLASSIFICATION NUMBER | |
| Classification number | 621.81 |
| Author Mark | GIL |
| 100 ## - MAIN ENTRY--PERSONAL NAME | |
| Personal name | Gill, P. S. |
| 9 (RLIN) | 26071 |
| 245 ## - TITLE STATEMENT | |
| Title | Engineering Drawing / |
| Statement of responsibility, etc. | P.S.Gill |
| 260 ## - PUBLICATION, DISTRIBUTION, ETC. | |
| Place of publication, distribution, etc. | New Delhi : |
| Name of publisher, distributor, etc. | S. K. Kataria, |
| Date of publication, distribution, etc. | 2013. |
| 300 ## - PHYSICAL DESCRIPTION | |
| Extent | 678 p. ; |
| Other physical details | 24 cm. |
| 500 ## - GENERAL NOTE | |
| General note | Paperback. |
| 563 ## - BINDING INFORMATION | |
| Binding note | PB |
| 942 ## - ADDED ENTRY ELEMENTS (KOHA) | |
| Koha item type | Book |
| Source of classification or shelving scheme | |
| Withdrawn status | Lost status | Source of classification or shelving scheme | Damaged status | Not for loan | Permanent Location | Current Location | Shelving location | Date acquired | Full call number | Barcode | Date last seen | Price effective from | Koha item type |
|---|---|---|---|---|---|---|---|---|---|---|---|---|---|
| School of Mechanical & Manufacturing Engineering (SMME) | School of Mechanical & Manufacturing Engineering (SMME) | General Stacks | 05/24/2016 | 621.81GIL | SMME-3279 | 03/30/2018 | 05/24/2016 | Book |
